21 Anmol Kahaniya (Record no. 369490)
[ view plain ]
| 000 -LEADER | |
|---|---|
| fixed length control field | 00302nam a2200121Ia 4500 |
| 005 - DATE AND TIME OF LATEST TRANSACTION | |
| control field | 20251223131551.0 |
| 008 - FIXED-LENGTH DATA ELEMENTS--GENERAL INFORMATION | |
| fixed length control field | 251219s9999 xx 000 0 und d |
| 041 ## - LANGUAGE CODE | |
| Language code of text/sound track or separate title | eng |
| 100 ## - MAIN ENTRY--PERSONAL NAME | |
| Personal name | Premchand |
| 9 (RLIN) | 215960 |
| 245 ## - TITLE STATEMENT | |
| Title | 21 Anmol Kahaniya |
| 260 ## - PUBLICATION, DISTRIBUTION, ETC. (IMPRINT) | |
| Name of publisher, distributor, etc. | Maple Press / Noida |
| Date of publication, distribution, etc. | 2014 |
| 300 ## - PHYSICAL DESCRIPTION | |
| Extent | 207 |
| Other physical details | Paper Back |
| Withdrawn status | Lost status | Damaged status | Not for loan | Home library | Current library | Date acquired | Cost, normal purchase price | Total Checkouts | Barcode | Date last seen | Cost, replacement price | Bill Date | Koha item type | Original Barcode |
|---|---|---|---|---|---|---|---|---|---|---|---|---|---|---|
| Smt. Hiraben Nanavati Institute of Management & Research for Women | Smt. Hiraben Nanavati Institute of Management & Research for Women | 11/12/2025 | 125.00 | HIMR-DB-3236 | 23/12/2025 | 125.00 | 23/12/2025 | Donated Book | DB3236 |